International Council of Management Consulting Institutes (Record no. 120171)

MARC details
000 -LEADER
fixed length control field 00857cam a2200193 4500
001 - CONTROL NUMBER
control field WS119294
008 - FIXED-LENGTH DATA ELEMENTS--GENERAL INFORMATION
fixed length control field 020812n 000 0 eng u
035 ## - SYSTEM CONTROL NUMBER
System control number (Sirsi) u119294
110 ## - MAIN ENTRY--CORPORATE NAME
Corporate name or jurisdiction name as entry element International Council of Management Consulting Institutes
9 (RLIN) 4333
245 ## - TITLE STATEMENT
Title International Council of Management Consulting Institutes
520 ## - SUMMARY, ETC.
Summary, etc. Web site for this global association of national management consulting institutes. These national institutes administer the international CMC certificate, certified management consultant. Includes their code of conduct.
650 ## - SUBJECT ADDED ENTRY--TOPICAL TERM
Topical term or geographic name entry element ORGANISATION
650 ## - SUBJECT ADDED ENTRY--TOPICAL TERM
Topical term or geographic name entry element INTERNATIONAL
650 ## - SUBJECT ADDED ENTRY--TOPICAL TERM
Topical term or geographic name entry element Management consultancy
9 (RLIN) 6255
650 ## - SUBJECT ADDED ENTRY--TOPICAL TERM
Topical term or geographic name entry element CERTIFIED MANAGEMENT CONSULTANT
690 ## - LOCAL SUBJECT ADDED ENTRY--TOPICAL TERM (OCLC, RLIN)
Topical term or geographic name as entry element MANAGEMENT-BUSINESS MANAGEMENT
856 40 - ELECTRONIC LOCATION AND ACCESS
Uniform Resource Identifier <a href="https://www.icmci.org">https://www.icmci.org</a>
Public note View the website free of charge at www.icmci.org...
942 ## - ADDED ENTRY ELEMENTS (KOHA)
Suppress in OPAC 0
Holdings
Withdrawn status Lost status Source of classification or shelving scheme Damaged status Not for loan Home library Current library Shelving location Date acquired Total Checkouts Full call number Barcode Date last seen Copy number Price effective from Koha item type
    Dewey Decimal Classification     Virtual Virtual Online 12/08/2002   WEB SITE 119294-2001 06/08/2019 1 06/08/2019 Online material